00487nam a22001692 4500001001100000005001700011008004100028020001700069040001500086100003600101245008100137250001300218260004200231300001100273700003000284852000300314000000966120151217160121.0081114s xx 000 0 eng d a0895652617 : aKABUcKABU1 aMoncure, Jane Belk.@000000003310aWord bird makes words with duck /cJane Belk Moncure; illus. by Linda Hohag. a1st ed. aMankato, MN. :bChild's World,c1984. a32 p.1 aHohag, Linda.@00001613861